<?xml version="1.0" encoding="UTF-8"?>
<marc:record xmlns:marc="http://www.loc.gov/MARC21/slim">
   <marc:leader>00000nam a2200000 a 4500</marc:leader>
   <marc:datafield ind1="1" ind2=" " tag="100">
      <marc:subfield code="a">Sprick, Lea</marc:subfield>
   </marc:datafield>
   <marc:datafield ind1="1" ind2=" " tag="100">
      <marc:subfield code="a">Elskis, Marion</marc:subfield>
   </marc:datafield>
   <marc:datafield ind1="1" ind2=" " tag="100">
      <marc:subfield code="a">Reuters, Inga</marc:subfield>
   </marc:datafield>
   <marc:datafield ind1="1" ind2=" " tag="100">
      <marc:subfield code="a">Prusse, Daniela</marc:subfield>
   </marc:datafield>
   <marc:datafield ind1=" " ind2=" " tag="653">
      <marc:subfield code="a">Pony</marc:subfield>
   </marc:datafield>
   <marc:datafield ind1=" " ind2=" " tag="653">
      <marc:subfield code="a">Katzen</marc:subfield>
   </marc:datafield>
   <marc:datafield ind1="0" ind2="0" tag="245">
      <marc:subfield code="a">Große und kleine Lieblingstiere [Tonträger]</marc:subfield>
   </marc:datafield>
   <marc:datafield ind1="0" ind2="0" tag="245">
      <marc:subfield code="c">Daniela Prusse. Hörspielbearbeitung von Inga Reuters. Gesprochen von Marion Elskis und Lea Sprick</marc:subfield>
   </marc:datafield>
   <marc:datafield ind1=" " ind2="1" tag="264">
      <marc:subfield code="a">Hamburg</marc:subfield>
      <marc:subfield code="b">Jumbo Neue Medien &amp; Verl.</marc:subfield>
      <marc:subfield code="c">2014</marc:subfield>
   </marc:datafield>
   <marc:datafield ind1="1" ind2=" " tag="490">
      <marc:subfield code="a">Wieso? Weshalb? Warum? Junior</marc:subfield>
   </marc:datafield>
   <marc:datafield ind1="1" ind2=" " tag="520">
      <marc:subfield code="a">Alle drei Hörbücher führen die Kleinen gefühlvoll und spielerisch an Tiere heran. Mit einfachen Merkversen lernen die jungen Zuhörer Ponys und ihre Lebensgewohnheiten kennen, erhalten Tipps für die erste Schnupperreitstunde und lernen, wie ein Fohlen geboren wird. Außerdem hören die Kleinen, wie Kätzchen groß werden und üben die Katzensprache. Beim lustigen Katzenquiz können alle mitraten und zum Raubkatzen-Rap in die Rollen von Löwe, Tiger, Leopard und Luchs schlüpfen. Außerdem erfahren kleine Tierfreunde, wie sie im Streichelzoo auf Schweine, Schafe, Ziegen, Esel, Hühner, Gänse, Enten, Kaninchen und Meerschweinchen zugehen und sie streicheln und füttern sollten.</marc:subfield>
   </marc:datafield>
   <marc:datafield ind1="0" ind2=" " tag="490">
      <marc:subfield code="v">0</marc:subfield>
   </marc:datafield>
   <marc:datafield ind1=" " ind2=" " tag="300">
      <marc:subfield code="a">ca. 90 Min.</marc:subfield>
   </marc:datafield>
</marc:record>
